Devinez la Capitale Mystère #121 - Statistiques

Statistiques générales
  • Ce quiz a été pris 124 fois
  • Le résultat moyen est 28 sur 34
Statistiques - réponses
Type de Réponse Réponse % Correct
Lettre de l'Alphabet I
100%
Lettre de l'Alphabet N
100%
Lettre de l'Alphabet S
100%
Lettre Trouvée A
99%
Lettre Trouvée R
99%
Lettre Bien Placée A
98%
Lettre de l'Alphabet O
98%
Lettre de l'Alphabet E
96%
Lettre de l'Alphabet M
96%
Lettre Trouvée T
96%
Lettre de l'Alphabet B
94%
Lettre de l'Alphabet D
94%
Lettre de l'Alphabet L
94%
Lettre de l'Alphabet P
94%
Lettre de l'Alphabet U
93%
Lettre Bien Placée A
90%
Lettre de l'Alphabet C
89%
Lettre de l'Alphabet G
89%
Lettre Trouvée K
89%
Lettre de l'Alphabet H
86%
Lettre Bien Placée R
84%
Lettre de l'Alphabet W
80%
Lettre Bien Placée K
78%
Lettre de l'Alphabet V
76%
Lettre Bien Placée A
72%
Lettre de l'Alphabet X
71%
Lettre de l'Alphabet Y
66%
Lettre de l'Alphabet F
62%
Lettre Trouvée J
62%
Lettre Bien Placée T
61%
Lettre de l'Alphabet Z
61%
Lettre Bien Placée J
59%
Capitale Mystère Jakarta
59%
Lettre de l'Alphabet Q
59%
Aucun quiz correspondant
Distribution des résultats
% des personnes avec chaque résultat
Percentile par nombre de réponses
Votre historique - résultats
Vous n’avez pas pris ce quiz